LAE: co si čtou decision makeři?

LAE výskumy, ktoré poskytujú validné dáta pre plánovanie B2B inzercie. Výskum zhromažďuje informácie o ľuďoch, ktorí majú rozhodovacie právomoci pri výbere dodávateľov. Výskum sleduje aj skupinu spotrebiteľov v oblasti B2C komunikácie. Aké noviny, časopisy a elektronické médiá čítajú títo spotrebit...

Full description

Saved in:
Bibliographic Details
Main Author: Lhotská, Věra
Format: Book Chapter
Language:Czech
Subjects:
Tags: Add Tag
No Tags, Be the first to tag this record!

MARC

LEADER 00000naa$a2200000$$$4500
001 0115611
005 20231019094224.5
041 0 |a cze 
044 |a CZ 
245 1 0 |a LAE: co si čtou decision makeři?  |c Věra Lhotská 
520 |a LAE výskumy, ktoré poskytujú validné dáta pre plánovanie B2B inzercie. Výskum zhromažďuje informácie o ľuďoch, ktorí majú rozhodovacie právomoci pri výbere dodávateľov. Výskum sleduje aj skupinu spotrebiteľov v oblasti B2C komunikácie. Aké noviny, časopisy a elektronické médiá čítajú títo spotrebitelia v Českej republike. 
610 2 0 |a noviny 
610 2 0 |a časopisy 
610 2 0 |a médiá 
610 2 0 |a internet 
610 2 0 |a spotrebitelia 
610 2 0 |a výskum 
610 2 0 |a Česko 
100 1 |a Lhotská, Věra